000 00646nam a2200241Ia 4500
003 OSt
005 20220918174250.0
006 a|||||r|||| 00| 0
007 ta
008 220917b |||||||| |||| 00| 0 eng d
024 _a11,298
037 _cTextual
040 _aARTS
_cARTS
_beng
041 _2eng
_aeng
082 _aM2.73.N6, L4
100 _aMills Nicolaus
_949725
245 0 _aNew Journalism
_b a historical anthology
260 _aNew York
_bMcGraw Hill
_c1974
300 _axx,459p. illus
_ccm.
650 _aINDUSTRIAL ARTS
942 _hM2.73.N6, L4
_cTEXL
_2CC
999 _c152412
_d152412